BIBLIOTECA

SENCICO

Manual de solución de problemas : para el mejoramiento de la calidad (Registro nro. 1558)

Detalles MARC
000 -LEADER
fixed length control field 00554nam a2200217Ia 4500
005 - DATE AND TIME OF LATEST TRANSACTION
control field 20251020182515.0
008 - FIXED-LENGTH DATA ELEMENTS--GENERAL INFORMATION
fixed length control field 200515s9999 xx 000 0 und d
020 ## - INTERNATIONAL STANDARD BOOK NUMBER
International Standard Book Number 968-38-0324-5
082 ## - DEWEY DECIMAL CLASSIFICATION NUMBER
Classification number 658.56/K38
100 ## - MAIN ENTRY--PERSONAL NAME
Personal name Kelly, Michael R.
245 #0 - TITLE STATEMENT
Title Manual de solución de problemas : para el mejoramiento de la calidad
260 ## - PUBLICATION, DISTRIBUTION, ETC.
Place of publication, distribution, etc. México, D.F.
260 ## - PUBLICATION, DISTRIBUTION, ETC.
Name of publisher, distributor, etc. Panorama Editorial
260 ## - PUBLICATION, DISTRIBUTION, ETC.
Date of publication, distribution, etc. 1992
300 ## - PHYSICAL DESCRIPTION
Other physical details tbls.
500 ## - GENERAL NOTE
General note 1 ejemplar
650 ## - SUBJECT ADDED ENTRY--TOPICAL TERM
Topical term or geographic name entry element CALIDAD TOTAL
650 ## - SUBJECT ADDED ENTRY--TOPICAL TERM
Topical term or geographic name entry element MATRIZ DE PROBLEMAS
942 ## - ADDED ENTRY ELEMENTS (KOHA)
Koha item type Libros
Existencias
Fecha de la última vez que lo usaron Pago total Signatura topográfica completa Código de barras Precio efectivo desde Tipo de documento Estado perdido Estado dañado No es para préstamo Retirado Ubicación permanente Ubicación actual Fecha de adquisición
15/05/2020   658.56/K38 Bib-Lima15051558 15/05/2020 Libros         Biblioteca Central Lima Biblioteca Central Lima 15/05/2020